Canciones latinoamericanas de 2022 - Estadísticas

Estadísticas generales
  • Esta prueba ha sido intentada 234 veces
  • La puntuación promedio es 8 de 12
Estadísticas de respuestas
Cancion Artista % Correcto
Me Porto Bonito Bad Bunny
96%
Despechá Rosalia
93%
Te Felicito Shakira
87%
Provenza Karol G
85%
La Bachata Manuel Turizo
85%
Feliz Cumpleaños Ferrexo Feid
78%
¿Qué Más Pues? J Balvin
64%
...... Music Sessions #52 Bizzarap
61%
Lokera Rauw Alejandro
58%
Una Noche En Medellín Cris MJ
42%
Mujeriego Ryan Castro
37%
Gogo Dance El Alfa
26%
No se encontraron pruebas coincidentes
Distribución de puntuación
Porcentaje de gente con cada puntuación
Porcentaje por número respondido
Historial de tus puntuaciones
No has intentado esta prueba.